Historisches Wörterbuch der Philosophie
Gespeichert in:
| Hauptverfasser: | , , |
|---|---|
| Format: | Buch |
| Sprache: | Deutsch |
| Veröffentlicht: |
Stuttgart
Schwabe
2004
|
| Schlagworte: | |
| Tags: |
Tag hinzufügen
Keine Tags, Fügen Sie den ersten Tag hinzu!
|
MARC
| LEADER | 00000nam a2200000 a 4500 | ||
|---|---|---|---|
| 001 | UCK5182 | ||
| 003 | CL-VaPUC | ||
| 008 | 050715e20040000gw |||||||||||||||||ger|d | ||
| 020 | |a 379650115X | ||
| 082 | 0 | 4 | |a 103 |b RIT |2 21 |
| 100 | 0 | |a Ritter, Joachim |e author |9 493865 | |
| 700 | 0 | |a Gründer, Karlfried |e author |9 493866 | |
| 700 | 0 | |a Gabriel, Gottfried |e author |9 493867 | |
| 245 | 1 | 0 | |a Historisches Wörterbuch der Philosophie |
| 300 | |a v | ||
| 942 | |c BK | ||
| 945 | |d 20050715 00:00:00 |a cmena | ||
| 260 | |a Stuttgart |b Schwabe |c 2004 | ||
| 500 | |a v.12: W-Z | ||
| 650 | 0 | |a Filosofía |9 223554 | |
| 650 | 7 | |a DICCIONARIOS DE FILOSOFIA |2 CL-VaPUC |9 472069 | |
| 650 | 0 | |a Historia de la filosofía |9 256920 | |
| 583 | |a last modification |c 20171212 06:24:22 |k Rodrigo Vera | ||
| 999 | |c 313816 |d 313814 | ||
| 952 | |0 0 |1 0 |4 0 |6 103_000000000000000_RIT_2004 |7 0 |8 X |9 385430 |a BIBEDU |b BIBEDU |d 2019-11-22 |h v.12 |i 4145585 |o 103 RIT 2004 |p 4145585 |r 2023-01-13 |w 2019-11-22 |y BK_X |k FIL | ||